| 000 | 00765nam a2200253Ia 4500 | ||
|---|---|---|---|
| 005 | 20260601193223.0 | ||
| 008 | 260601s9999||||xx |||||||||||||| ||und|| | ||
| 020 |
_a978-3-031-48781-1 _qebk |
||
| 100 | _aRama Krishna Challa | ||
| 245 | 0 | _aArtificial Intelligence of Things | |
| 250 | _a1st ed. 2024 | ||
| 260 |
_aHeidelberg, Germany _bSpringer Nature _c2024 |
||
| 440 | _aCommunications in Computer and Information Science | ||
| 650 | _aComputer Science | ||
| 700 | _aAmod Kumar | ||
| 700 | _aGagangeet Singh Aujla | ||
| 700 | _aGarima Saini | ||
| 700 | _aKanika Sharma | ||
| 700 | _aLini Mathew | ||
| 700 | _aMala Kalra | ||
| 700 | _aS. L. Shimi | ||
| 856 | _uhttps://link.springer.com/openurl?genre=book&isbn=978-3-031-48781-1 | ||
| 942 |
_cEB _2ddc |
||
| 999 |
_c55853 _d55853 |
||